Trh práce na Slovensku v uplynulých desiatich rokoch

Analýza trhu práce na Slovensku za uplynulých desať rokov. Zamestnanosť za obdobie rokov 1990-1999. Nezamestnanosť a počet nezamestnaných. Poberatelia podpory v nezamestnanosti (PvN). Výdavky na politiku trhu práce. Tvorba pracovných miest.

Guardado en:
Detalles Bibliográficos
Autor principal: Tomasta, Pavel
Otros Autores: Senderáková, Lucia, Badrňová, Judita
Formato: Capítulo de libro
Lenguaje:eslovaco
Materias:
Etiquetas: Agregar Etiqueta
Sin Etiquetas, Sea el primero en etiquetar este registro!

MARC

LEADER 00000naa a2200000 4500
001 r041730
005 20231002081150.3
041 0 |a slo 
044 |a SK 
245 1 0 |a Trh práce na Slovensku v uplynulých desiatich rokoch  |c Pavel Tomasta, Lucia Senderáková, Judita Badrňová 
520 |a Analýza trhu práce na Slovensku za uplynulých desať rokov. Zamestnanosť za obdobie rokov 1990-1999. Nezamestnanosť a počet nezamestnaných. Poberatelia podpory v nezamestnanosti (PvN). Výdavky na politiku trhu práce. Tvorba pracovných miest. 
610 2 0 |a trh práce 
610 2 0 |a zamestnanosť 
610 2 0 |a nezamestnanosť 
610 2 0 |a politika zamestnanosti 
610 2 0 |a podpory v nezamestnanosti 
610 2 0 |a 1990-2000 
610 2 0 |a Slovensko 
610 2 0 |a údaje štatistické 
100 1 |a Tomasta, Pavel 
700 1 |a Senderáková, Lucia 
700 1 |a Badrňová, Judita